Chansons les plus streamées : Renaud - Statistiques

Statistiques générales
  • Ce quiz a été pris 411 fois
    64 depuis la dernière actualisation
  • Le résultat moyen est 6 sur 10
Statistiques - réponses
Nb de streams Chanson % Correct
114 000 000 Mistral gagnant
98%
79 000 000 Manhattan-Kaboul (avec Axelle Red)
80%
23 000 000 Laisse béton
74%
32 000 000 Morgane de toi
70%
14 500 000 Hexagone
67%
30 500 000 Dès que le vent soufflera
65%
19 500 000 Manu
54%
13 500 000 Marche à l'ombre
54%
16 500 000 En cloque
44%
13 000 000 Maintenant (avec Vianney)
7%
Aucun quiz correspondant
Distribution des résultats
% des personnes avec chaque résultat
Percentile par nombre de réponses
Votre historique - résultats
Vous n’avez pas pris ce quiz depuis la dernière actualisation